LEADER 02169nam a2200313 i 4500 001 000000005240 003 CaOOAMICUS 005 20231116125939.0 008 180830s17771778it u000 u ita u 040 $aSeMil$bita 100 1 $aMillot, Claude François Xavier,$d<1726-1785>.$0(OLS)http://semarc/name/8088 245 10$aElementi di storia generale antica e moderna opera scritta nell'idioma francese dal sig. abate Millot ...; recata nell'italiano da Lodovico-Antonio Loschi, con varie aggiunte ed annotazioni. Tomo 1. [-5.]. 264 1$aIn Venezia :$bPresso Gaspare Storti in Merceria all'Insegna della Fortezza,$c1777-1778. 300 $a5 v. ;$c8°. 500 $aIniz. e finalini xilogr. 500 $aVignetta xilogr. (allegoria della storia: libro sorretto dal tempo) sui front. 500 $aContiene solo la storia antica; i 5 v. della storia moderna furono stampati da Storti nel 1781 650 4$aStoria - Ed. ante 1800.$0(OLS)http://semarc/subject/44648 700 1 $aLoschi, Lodovico Antonio.$0(OLS)http://semarc/name/13698 700 1 $aStorti, Gasparo$b<2.,$cEditore>.$0(OLS)http://semarc/name/5662 774 0 $tTomo 1.$g1$w()255663 774 0 $tTomo 2.$g2$w()255665 774 0 $tTomo 3.$g3$w()255666 774 0 $tTomo 4.$g4$w()255667 774 0 $tTomo 5.$g5$w()255668 785 00$aMillot, Claude François Xavier <1726-1785>$tElementi di storia generale antica e moderna opera scritta nell'idioma francese dal sig. abate Millot ... recata nell'italiano da Lodovico Antonio Loschi, con varie giunte estratte dall'Introduzione allo studio della storia moderna del sig. ab. di Condillac. Tomo 1. [-5.] della storia moderna.$dIn Venezia : Presso Gaspare Storti in Merceria all'Insegna della Fortezza, 1781.$w()5713 996 $6245$aElementi di storia generale antica e moderna opera scritta nell'idioma francese dal sig. abate Millot ...; recata nell'italiano da Lodovico-Antonio Loschi, con varie aggiunte ed annotazioni. Tomo 1. [-5.]$9(OLS)http://semarc/title/400767 996 $6264$aIn Venezia :$bPresso Gaspare Storti in Merceria all'Insegna della Fortezza$9(OLS)http://semarc/publisher/55724 LEADER 00975nam a2200217 i 4500 001 000000024839 003 CaOOAMICUS 005 20180830125446.0 008 180830s1981 it u000 u ita u 040 $aSeMil$bita 245 10$aDemocrazia al lavoro :$bi verbali del CLN Lombardo (1945-1946) /$ca cura di Gaetano Grassi e Pierangelo Lombardi. 260 $aFirenze :$bLe Monnier,$c1981. 300 $a2 v. ;$c20 cm. 650 4$aLombardia - Storia - Sec. 20.$0(OLS)http://semarc/subject/3922 700 1 $aLombardi, Pierangelo.$0(OLS)http://semarc/name/10995 700 1 $aGrassi, Gaetano.$0(OLS)http://semarc/name/10994 773 0 $tQuaderni di storia.$dFirenze : Le Monnier, [19--]?.$w()12855 774 0 $t[1].$kQuaderni di storia$w()40807 774 0 $t[2].$kQuaderni di storia$w()201353 996 $6245$aDemocrazia al lavoro :$bi verbali del CLN Lombardo (1945-1946)$9(OLS)http://semarc/title/33456 996 $6260$aFirenze :$bLe Monnier$9(OLS)http://semarc/publisher/30060